Quizzes
Events
Quiz Creation
Community
Videos
Private Events
Remove Ads
Sign In
Join for FREE
Feedback
Dark Mode
Quiz Categories
Sports
Geography
Music
Movies
Television
Just For Fun
Miscellaneous
History
Literature
Language
Science
Gaming
Entertainment
Religion
Holiday
For Kids
Quiz Lab
Recent
Popular Today
Quiz Kudos Today
Editor Picks
Curator Picks
Quizzes by...
Day
Popularity
Type
Ratings
Length
Year
Community
Subscriptions
Recent Discussions
Orange Saloon
Badges
Playlists
Quests
Create
Leaderboards
Showdown
Live 5
Trivia Bingo
Activity
Puzzle Library
Sporcle Events
Private Events
Virtual Trivia
Globe League
Become a Host
Pub Owners
SporcleCon
Opinionation
Our Games
Videos
Blog
Mobile Apps
Partnerships
Remove Ads and Go Orange
Feedback
History
US Presidents
World Leaders
Politics
Nation
Discovery
War
Decade
Year
Century
Biography
Art
History
US Presidents
World Leaders
Politics
Nation
Discovery
War
Decade
Year
Century
Biography
Art
Random Quiz
Search Sporcle
×
Quiz Lab
Quiz Lab
History
Cars
Type in answers that appear in a list
Type in answers that appear in a list
Classic
Best Score? Go Orange.
Holden Cars (Hard) Stats
Can you name the Holden Cars (Hard)?
By
jakesoccerguy123
10m
45 Questions
228 Plays
228 Plays
228 Plays
Comments
Comments
Give Quiz Kudos
Give Quiz Kudos
-
- Ratings
hide this ad
Replay
Link that replays current quiz
Next Quiz
Link to next quiz in quiz playlist
You Got
0%
They Got
Avg Score
43%
Avg Friend Score
Upgrade to see
Score Distribution
Jump to the score distribution portion of the page
Score
0/45
Timer
10:00
0
Plays Today
Year Made
Name of Holden
% Correct
1978
Commodore
78.1%
1968
Monaro
69.7%
1971
Monaro
69.7%
1953
FJ
65.8%
1967
Torana
64.9%
1971
HQ
59.6%
1966
HR
54.8%
1968
Kingswood
54.4%
1963
EH
53.5%
1984
Astra
52.6%
1968
HK
50.9%
1984
VK
50.4%
1961
EK
50%
1971
Statesman
49.6%
1978
VB
49.1%
1986
VL
49.1%
1956
FE
48.2%
1958
FC
48.2%
1985
Barina
48.2%
1962
EJ
47.8%
1974
HJ
46.9%
1960
FB
46.5%
1974
HZ
46.1%
Year Made
Name of Holden
% Correct
1988
VN
45.2%
1984
VH
44.3%
1965
HD
43.9%
1975
Gemini
43.4%
1974
HX
43%
1971
HG
42.5%
2009
Cruze
40.8%
1990
Caprice
39.5%
2006
Captiva
38.2%
2003
Jackaroo
36.4%
1982
Camira
35.5%
1944
Vectra
34.2%
1980
WB
31.6%
2008
Colorado
30.3%
2007
Epica
23.7%
1964
HA
23.2%
1968
Brougham
21.1%
1976
Sunbird
19.7%
1974
LH
17.1%
2003
Frontera
15.4%
2003
Adventra
12.3%
1988
Suburban
11%
Quiz Playlist
Details
Report
Send in Message
Add To Playlist
Classic:
Type in answers that appear in a list
Last Updated: Feb 16, 2017
Quiz Scoreboard
CHALLENGE
Sign Up to Join the Scoreboard
Show All
Scores
Hide
Comments
May contain spoilers
Recently Published
9x9 Crossword: Cartoon Network
by jackfrog10
Miscellaneous
3m
College Basketball Coaching Resumes
by pancakes188
Sports
9m
Billboard Blitz: Fleetwood Mac
by CooCooCachoo
Music
15s
More to Explore
Quiz From the Vault
Featured Blog Post
Where Did the Easter Bunny Come From?
hide this ad
You Might Also Like...
Tags
Cars Quiz
car
hard
holden
Holden Cars
Today's Top Quizzes in History
Browse History
hide this ad
Today's Top Quizzes in Cars
Browse Cars
Top Contributed Quizzes in History
1
Popular People in 1991
2
Popular People in 1981
3
Popular People in 1951
4
Popular People in 1941
5
Popular People in 1986
6
Popular People in 1976
7
Popular People in 1921
8
5-to-1: 20th Century Images of War
9
I Am Born On March 28th
10
Popular People in 1946
Explore More
Trending Topics
NBA
Kpop
Disney
Anime
Harry Potter
Crossword
Marvel
Song
Pokémon
WWE
Soccer
NFL
Puzzle
Country
The Office
hide this ad
More By:
jakesoccerguy123
Quiz
Plays
Rating
Category
Featured
Created
Green Day Lyrics
1,846
2.64
Music
Dec 9, 2009
Green Day American Idiot Songs
520
4.00
Music
Dec 10, 2009
Holden Cars (Easy)
251
4.50
History
Dec 10, 2009
Holden Cars (Hard)
228
3.00
History
Dec 10, 2009
song opposites
134
3.00
Music
Mar 28, 2010
Go to Creator's Profile
Score Distribution
Quiz Creator Spotlight
jakesoccerguy123
Follow
Send a Message
Quizzes Created
-
Created Quiz Play Count
-
More By This Creator
Popular Quizzes Today
1
Find the US States - No Outlines Minefield
2
Find the Countries of Europe - No Outlines Minefield
3
The Countries of the World
4
Find the US States
5
Risky Map Clicking: Biggest States A-Z
6
US States
7
Popular People in 1961
8
Movies - When Are They Set?
More History Quizzes
US Supreme Court
Published
Trending Quizzes
Risky Map Clicking: Least Populous States A-Z
1-10 Letter G Words
1-10 Letter F Words
Risky Map Clicking: Next State Alphabetically
Adjectives in 80s TV Shows
Recently Updated
Leaping Animals
pecheneg
Reality TV Shows (A-Z)
bhenderson79
Rickey Henderson's Hall of Fame Teammates
pecheneg
Champions League XIs: Arsenal
pecheneg
Quick Pick: Celebrities in WWE's Hall of Fame
aduchscher
A-Z Keypad Blitz II
pecheneg
Multiple Oscar Actors
pecheneg
Mystery Phrase Blitz: Oscar 'Best Actors'
pecheneg
F. Scott Fitzgerald Novels
LTH
Pick 3 Villains
ddd62291
Trending Topics
Crossword
Disney
Anime
Kpop
Marvel
Harry Potter
NBA
The Office
Song
Country
Puzzle
Soccer
NFL
WWE
Pokémon
Your Account Isn't Verified!
In order to create a playlist on Sporcle, you need to verify the email address you used during registration. Go to your
Sporcle Settings
to finish the process.
Report this User
Report this user for behavior that violates our
Community Guidelines
.
Details:
Send Report
Go to the Sporcle.com Mobile Site →
Comments